Drivers of Farm Performance in Czech Crop Farms

Analýza faktorov ovplyvňujúcich výkonnosť farmy a prítomnosť rôznych technológií. Údaje o českých poľnohospodárskych farmách od roku 2005 do roku 2017 a identifikovanie troch skupín technologických tried fariem s určujúcim vplyvom indexu štruktúry a lokalizácie. Poľnohospodárske výrobné farmy s udrž...

ver descrição completa

Na minha lista:
Detalhes bibliográficos
Autor principal: Kostlivý, Vladimír
Outros Autores: Fuksová, Zuzana, Rudinskaya, Tamara
Formato: Capítulo de Livro
Idioma:inglês
Assuntos:
Tags: Adicionar Tag
Sem tags, seja o primeiro a adicionar uma tag!

MARC

LEADER 00000naa a2200000 4500
001 0268762
005 20200928143050.8
041 0 |a eng 
044 |a CZ 
245 1 0 |a Drivers of Farm Performance in Czech Crop Farms  |c Vladimír Kostlivý, Zuzana Fuksová, Tamara Rudinskaya 
520 |a Analýza faktorov ovplyvňujúcich výkonnosť farmy a prítomnosť rôznych technológií. Údaje o českých poľnohospodárskych farmách od roku 2005 do roku 2017 a identifikovanie troch skupín technologických tried fariem s určujúcim vplyvom indexu štruktúry a lokalizácie. Poľnohospodárske výrobné farmy s udržateľnejším spôsobom poľnohospodárskej výroby sú s najväčšou pravdepodobnosťou produktívnejšie. 
610 2 0 |a rozvoj trvalo udržateľný 
610 2 0 |a poľnohospodárstvo 
610 2 0 |a farmy 
610 2 0 |a výkonnosť podniku 
100 1 |a Kostlivý, Vladimír 
700 1 |a Fuksová, Zuzana 
700 1 |a Rudinskaya, Tamara